| 000 | 00623nam a22002057a 4500 | ||
|---|---|---|---|
| 003 | OSt | ||
| 005 | 20140310182042.0 | ||
| 008 | 130816t xxu||||| |||| 00| 0 eng d | ||
| 020 | _a9780854764853 | ||
| 050 |
_aBV 4509.2 _b.L53 1993 |
||
| 082 |
_aHS 248.4 _b.L61 1994 |
||
| 100 |
_aLiardon, Roberts. _911241 |
||
| 245 |
_aFinal approach : _bthe opportunity and adventure of end-times living / _cRoberts Liardon. |
||
| 260 |
_aOrlando, FL : _bCreation House, _cc1993. |
||
| 300 |
_a191 p. ; _c20 cm. |
||
| 541 | _j1 | ||
| 650 |
_aChristian life. _91330 |
||
| 650 |
_aChristian practice _911240 |
||
| 942 |
_2lcc _cHS |
||
| 999 |
_c8803 _d8803 |
||